Loading...

Drought, hunger, mutiny and famines in the southern taluks of late 19th century colonial Malabar: a study/

Bibliographic Details
Main Author: Abdul Rasheed K
Published: Kalady: Sree Sankaracharya University of Sanskrit, 2016.
Subjects:
LEADER 00611nam a22001457a 4500
082 |a PH 954.83  |b ABD/D 
100 |a Abdul Rasheed K  |9 17884 
245 |a Drought, hunger, mutiny and famines in the southern taluks of late 19th century colonial Malabar:  |b a study/  |c by Abdul Rasheed K. 
260 |a Kalady:  |b Sree Sankaracharya University of Sanskrit,  |c 2016. 
300 |a 277+xlip. 
650 |a History  |z Kerala  |9 17885 
650 |a History  |9 17886 
942 |c MPHD 
999 |c 64984  |d 64984 
952 |0 0  |1 0  |4 0  |6 PH_954_830000000000000_ABD_D  |7 0  |9 86610  |a SSUS  |b SSUS  |c REF  |d 2017-05-09  |o PH 954.83 ABD/D  |p D1924  |r 2017-05-09  |w 2017-05-09  |y MPHD